| 000 | 00000nam 2200000za 4500 |
| 001 | 9.577049 |
| 003 | CaOODSP |
| 005 | 20210624185428 |
| 007 | cr ||||||||||| |
| 008 | 150406s2013 xxc|||||o f|0| 0 eng d |
| 022 | |a1919-5044 |
| 040 | |aCaOODSP|beng |
| 043 | |an-cn--- |
| 086 | 1 |aFs70-5/2013-032E-PDF |
| 245 | 00|aState of physical, biological, and selected fishery resources of Pacific Canadian marine ecosystems in 2012 |h[electronic resource] / |c[by] J.R. Irvine and W.R. Crawford, editors. |
| 260 | |aNanaimo, British Columbia : |bFisheries and Oceans Canada, |c2013. |
| 300 | |a148 p. : |bfigs., graphs, maps. |
| 490 | 1 |aCanadian Science Advisory Secretariat research document|x1919-5044|v2013/032, Pacific Region |
| 546 | |aText in English, abstracts in both languages. |
| 590 | |a13-30|b2013-07-26 |
| 710 | 1 |aCanada. |bDepartment of Fisheries and Oceans. |
| 794 | |tState of the physical, biological and selected fishery resources of Pacific Canadian marine ecosystems in 2013 |w(CaOODSP)9.580517 |
| 795 | |tState of physical, biological, and selected fishery resources of Pacific Canadian marine ecosystems in 2011 |w(CaOODSP)9.575781 |
| 830 | #0|aResearch document (Canadian Science Advisory Secretariat)|x1919-5044|v2013/032, Pacific Region|w(CaOODSP)9.507396 |
| 856 | 40|ahttp://publications.gc.ca|qPDF|s11758 KB|uhttps://publications.gc.ca/collections/collection_2013/mpo-dfo/Fs70-5-2013-032-eng.pdf|y2013/032, Pacific Region |